FoxPro 2.5 for Windows : snadno a rychle /
Uložené v:
| Hlavný autor: | |
|---|---|
| Médium: | Kniha |
| Jazyk: | Czech |
| Vydané: |
Praha :
Grada,
1994.
|
| Vydanie: | [1. vyd.] |
| ISBN: |
8071690767 (brož.) |
| Fyzický popis: |
134 s. : il. |
| Tagy: |
Pridať tag
Žiadne tagy, Buďte prvý kto otaguje tento záznam!
|
Titul je dostupný aj v ... 

MARC
| LEADER | 00000nam a22000003a 4500 | ||
|---|---|---|---|
| 001 | 000248317 | ||
| 005 | 20110909084953.0 | ||
| 008 | 960328s1994 xr a e f 000 0 cze d | ||
| 020 | |a 8071690767 (brož.) | ||
| 040 | |a SVKKK |b slo |c SVKKK |e AACR2 | ||
| 041 | 0 | |a cze | |
| 044 | |a xr |c CZ | ||
| 100 | 1 | |a Bílek, Martin | |
| 245 | 1 | 0 | |a FoxPro 2.5 for Windows : |b snadno a rychle / |c Martin Bílek. |
| 250 | |a [1. vyd.] | ||
| 260 | |a Praha : |b Grada, |c 1994. | ||
| 300 | |a 134 s. : |b il. | ||
| 504 | |a Register | ||
| 910 | |a svkkk | ||
| 919 | |a 80-7169-076-7 | ||
| 998 | |a BK | ||
| 090 | |g SCKHL |k Sklad Pribinova 2. posch. |a III.163899 |j 873035 |i 2720277330 |s Absenčne | ||
| 090 | |g SCKHL |k Sklad Pribinova 2. posch. |a III.163900 |j 873036 |i 2720628458 |s Absenčne | ||
| 090 | |g SCKHL |k Sklad Pribinova 2. posch. |a III.163901 |j 873037 |i 248317-30 |4 Multiplikát |s Vyradená | ||